Foundations of guidance (Record no. 1338610)

MARC details
000 -LEADER
fixed length control field 00637nam a2200217Ia 4500
005 - DATE AND TIME OF LATEST TRANSACTION
control field 20250508152750.0
008 - FIXED-LENGTH DATA ELEMENTS--GENERAL INFORMATION
fixed length control field 008 250505s9999 xx 000 0 eng d
037 ## - SOURCE OF ACQUISITION
Stock number TextBook
040 ## - CATALOGING SOURCE
Original cataloging agency FEDL
Language of cataloging eng
Transcribing agency FEDL
041 ## - LANGUAGE CODE
Language code of text/sound track or separate title eng
Source of code eng
084 ## - COLON CLASSIFICATION NUMBER
Classification number 371.42, MIL
Assigning agency FEDL
100 ## - MAIN ENTRY--PERSONAL NAME
Personal name Miller Carroll H
9 (RLIN) 140015
245 #0 - TITLE STATEMENT
Title Foundations of guidance
260 ## - PUBLICATION, DISTRIBUTION, ETC.
Place of publication, distribution, etc. New York, USA
Name of publisher, distributor, etc. Harper and Brothers Publisher
Date of publication, distribution, etc. 1961
300 ## - PHYSICAL DESCRIPTION
Extent xv,464p
365 ## - TRADE PRICE
Price type code INR
Price amount 31.5
490 ## - SERIES STATEMENT
Series statement Exploratory Series in Education
650 ## - SUBJECT ADDED ENTRY--TOPICAL TERM
Topical term or geographic name entry element Education; Vocational Guidance
9 (RLIN) 760575
942 ## - ADDED ENTRY ELEMENTS (KOHA)
Koha item type Textbook
Classification part 371.42, MIL
Holdings
Withdrawn status Lost status Damaged status Not for loan Home library Current library Date acquired Cost, normal purchase price Total Checkouts Full call number Barcode Date last seen Price effective from Koha item type
        Department of Education Library Department of Education Library 2025-05-08 31.50   371.42, MIL EL0020899 2025-05-08 2025-05-08 Textbook
Copyright @ Delhi University Library System